Cardiovascular physiology . (Record no. 8030)

MARC details
000 -LEADER
fixed length control field 00538nam a22001937a 4500
003 - CONTROL NUMBER IDENTIFIER
control field OSt
005 - DATE AND TIME OF LATEST TRANSACTION
control field 20220913105621.0
008 - FIXED-LENGTH DATA ELEMENTS--GENERAL INFORMATION
fixed length control field 220913b ||||| |||| 00| 0 eng d
020 ## - INTERNATIONAL STANDARD BOOK NUMBER
International Standard Book Number 0727907816
040 ## - CATALOGING SOURCE
Transcribing agency NLM
082 ## - DEWEY DECIMAL CLASSIFICATION NUMBER
Classification number WG102
Item number c179h 1995
100 ## - MAIN ENTRY--PERSONAL NAME
Personal name Hans-Joachim, Priebe: Karl, Skarvan
9 (RLIN) 16336
245 ## - TITLE STATEMENT
Title Cardiovascular physiology .
260 ## - PUBLICATION, DISTRIBUTION, ETC. (IMPRINT)
Place of publication, distribution, etc. Tavistock:
Name of publisher, distributor, etc. BMJ Publishing group;
Date of publication, distribution, etc. 1995
300 ## - PHYSICAL DESCRIPTION
Extent xii,311p.:
Other physical details ill;
Dimensions 24cm.
504 ## - BIBLIOGRAPHY, ETC. NOTE
Bibliography, etc Index included.
650 ## - SUBJECT ADDED ENTRY--TOPICAL TERM
Topical term or geographic name as entry element Cardiovascular physiology .
9 (RLIN) 16337
942 ## - ADDED ENTRY ELEMENTS (KOHA)
Source of classification or shelving scheme Other/Generic Classification Scheme
Koha item type Book
Holdings
Withdrawn status Lost status Source of classification or shelving scheme Damaged status Not for loan Home library Current library Date acquired Source of acquisition Inventory number Total Checkouts Full call number Barcode Date last seen Price effective from Koha item type
    Other/Generic Classification Scheme     MUST Main Library MUST Main Library 13/09/2022 Purchase 04/21302   WG102 c179h 1995 2022-7990 13/09/2022 13/09/2022 Book
    Other/Generic Classification Scheme     MUST Main Library MUST Main Library 13/09/2022 Purchase 03/18248   WG102 c179h 1995 2022-7991 13/09/2022 13/09/2022 Book